00741nam a2200169 a 4500008004100000020001500041050001600056100001900072245012800091260002900219300002000248350000900268650004900277995009600326999001700422952013200439120416s1983 ||||||||||||||||| || u a0333319990 aHF 5827 Jam aJames, Jeffrey10aConsumer choice in the third world: a study of the welfare effects of advertising and new products in a developing country  aLondon:bMacmillanc1983 ax, 178p. : ill. a0.00 aCONSUMERS' PREFERENCES--DEVELOPING COUNTRIES D0.00FCBU-MAIN LIBRARY (Kitwe)H1I19.50M1UAVAILABLEZMain Library Open Access Collection c38595d38595 00102lcc4070a001b001cMain Library Open Access Collectiond2022-11-30l0oHF 5827 Jamp007145r2022-11-30w2022-11-30y002